00414nam a2200169Ia 4500003000900000008004100009040001600050080001500066100002400081245003300105260003400138300001600172650001300188650001800201650001700219650000800236IN-BaIIA211028s9999 xx 000 0 eng d cIIA Library a523.9bPRO aProctor, Richard A. 4aThe suncRichard A. Proctor  aLondonbLongmans, Greenc1871 axxiv, 480p. aArchives aSolar physics aSolar system aSun